Úroky z omeškania v obchodnom a občianskom práve

Právna úprava úrokov z omeškania podľa Občianskeho zákonníka, par. 517 ods. 2. Omeškanie dlžníka s plnením peňažného záväzku. Akcesorická povaha úrokov z omeškania. Úroky z omeškania a iné majetkové sankcie. Výška úrokov z omeškania.

Saved in:
Bibliographic Details
Main Author: Fekete, Štefan
Format: Book Chapter
Language:Slovak
Subjects:
Tags: Add Tag
No Tags, Be the first to tag this record!

MARC

LEADER 00000naa a2200000 4500
001 r035853
005 20230911130757.3
041 0 |a slo 
044 |a SK 
245 1 0 |a Úroky z omeškania v obchodnom a občianskom práve  |c Štefan Fekete 
520 |a Právna úprava úrokov z omeškania podľa Občianskeho zákonníka, par. 517 ods. 2. Omeškanie dlžníka s plnením peňažného záväzku. Akcesorická povaha úrokov z omeškania. Úroky z omeškania a iné majetkové sankcie. Výška úrokov z omeškania. 
610 2 0 |a vzťahy právne 
610 2 0 |a úrok z omeškania 
610 2 0 |a záväzky 
610 2 0 |a dlžníci 
610 2 0 |a zákonník občiansky 
610 2 0 |a vzťahy obchodné 
610 2 0 |a zákony 
610 2 0 |a Slovensko 
100 1 |a Fekete, Štefan